| 000 | 00784nam a2200229 i 4500 | ||
|---|---|---|---|
| 999 |
_c7429 _d7429 |
||
| 003 | OSt | ||
| 005 | 20211124104039.0 | ||
| 008 | 060530s2006 sp 000 0 spa c | ||
| 017 | _aD.L.B.19203-2006 | ||
| 020 | _a8483077396 | ||
| 040 |
_aSpMaUCCP _bcat _cCDMR |
||
| 100 | 1 | _aSgrena, Giuliana | |
| 245 | 1 | 0 |
_aFuego amigo : _bcrónica del secuestro y la liberación de una periodista en Irak, en primera persona / _cGiuliana Sgrena ; traducción de Julieta Carmona Lombardo |
| 260 |
_aBarcelona : _bEdiciones Península, _c2006 |
||
| 300 |
_a173 pàgines ; _c23 cm |
||
| 490 | 0 |
_aAtalaya ; _v239 |
|
| 600 | 1 | 7 | _aSgrena, Giuliana |
| 650 | 0 | 0 |
_aGuerra d'Iraq, 2003-2011 _xRelats personals _93582 |
| 650 | 0 | 0 |
_aReportatges literaris _9797 |
| 765 | 0 | _aFuoco amico | |
| 942 |
_2udc _cMON |
||